000 00598nam a22001577a 4500
005 2012051705155.0
020 _a8170249570
_c00
035 _aB-895391
037 _aDPL
_bENG
100 _aAnsari, Saghir Ahmad
_947328
245 _aFinancial intermediaries and industrial development /
_cby Saghir Ahmad Ansari
260 _aNew Delhi
_bAPH Publishing Corporation
_c1998
300 _axi, 155p.
_c20 cms.
942 _2ddc
_cEN
_h338.43
_mANS
999 _c66827
_d66827